logo

Bir Sreshtho Munshi Abdur Rouf Library
Jhenaidah Cadet College

The success principles : (Record no. 8128)

MARC details
000 -LEADER
fixed length control field 01021cim a2200349 a 4500
001 - CONTROL NUMBER
JCCL Control Number 8128
003 - CONTROL NUMBER IDENTIFIER
JCCL marc code BD-JhCC
005 - DATE AND TIME OF LATEST TRANSACTION
control field 20190321094824.0
008 - FIXED-LENGTH DATA ELEMENTS--GENERAL INFORMATION
fixed length control field 050503s2005 enknnn in n eng d
020 ## - INTERNATIONAL STANDARD BOOK NUMBER
International Standard Book Number 0007200102
035 ## - SYSTEM CONTROL NUMBER
system control number CONN132010
035 ## - SYSTEM CONTROL NUMBER
system control number (BD-JhCC)8128
035 ## - SYSTEM CONTROL NUMBER
system control number 4075395
040 ## - CATALOGING SOURCE
Original cataloging agency BD-JhCC
Modifying agency BD-JhCC
041 ## - LANGUAGE CODE
Language code of Book eng
082 ## - DEWEY DECIMAL CLASSIFICATION NUMBER
Author mark and Year CAN 2005
Classification number 158
090 ## - LOCALLY ASSIGNED LC-TYPE CALL NUMBER (OCLC); LOCAL CALL NUMBER (OCLC)
Classification number (OCLC) (R) ; Classification number, CALL (RLIN) (NR) Oxf
Local cutter number (OCLC) ; Book number/undivided call number, CALL (RLIN) 070015839890
100 1# - MAIN ENTRY--PERSONAL NAME
Personal name Canfield, Jack,
Dates associated with a name 1944-
245 14 - TITLE STATEMENT
Title The success principles :
Statement of responsibility, etc Jack Canfield with Janet Switzer ; read by the author.
260 ## - PUBLICATION, DISTRIBUTION, ETC. (IMPRINT)
Place of publication, distribution, etc London :
Name of publisher, distributor, etc HarperCollins,
Date of publication, distribution, etc 2005.
300 ## - PHYSICAL DESCRIPTION
Pagination 4 sound cassettes (ca. 6 hr., 30 min) :
Other physical details digital, stereo ;
Dimensions 4 3/4 in.
490 0# - SERIES STATEMENT
Series statement Thorsons Element audio books
500 ## - GENERAL NOTE
General note In 2 containers.
500 ## - GENERAL NOTE
General note Title from containers.
500 ## - GENERAL NOTE
General note Abridged by Steven Padnick.
650 #0 - SUBJECT ADDED ENTRY--TOPICAL TERM
Topical term or geographic name as entry element Success.
650 #0 - SUBJECT ADDED ENTRY--TOPICAL TERM
Topical term or geographic name as entry element Success -- Psychological aspects.
700 1# - ADDED ENTRY--PERSONAL NAME
Personal name Switzer, Janet,
Dates associated with a name 1953-
700 1# - ADDED ENTRY--PERSONAL NAME
Personal name Padnick, Steven.
942 ## - ADDED ENTRY ELEMENTS (KOHA)
Source of classification or shelving scheme Dewey Decimal Classification
Koha item type Books
Holdings
Source of classification or shelving scheme Damaged status Not for loan Home library Current library Shelving location Total Checkouts Full call number Barcode Date last seen Copy number Koha item type
Dewey Decimal Classification     JCC Rouf Library JCC Rouf Library General Stacks   158 CAN 2005 10705 02/18/2018 C - 1 Books

JCC Library | Contacts | JCC Home

Last Update on 23 September 2017
Copyright @ 2017-2020 JCC Rouf Library
Rouf Library, Jhenidah Cadet College (JCC), Bangladesh